000 00691nam a2200241 i 4500
001 11348
003 ES-MaACL
005 20230906150101.0
007 t|
008 960419s1995 sp ||||1| spa d
020 _a84-233-2496-6
080 _a297.14
100 1 _aCorbin, Henry.
_940471
245 1 3 _aEl Hombre y su ángel
_b: iniciación y caballería espiritual /
_cHenry Corbin.
250 _a1ª ed.
260 _aBarcelona :
_bDestino,
_c1995.
300 _a291 p. ;
_c20 cm.
490 1 _aEnsayos/Destino ;
_v24
650 1 4 _aMisticismo musulmán.
_915090
830 0 _aEnsayos/Destino ;
_v24
_9179023
852 _aES-MaACL
_jL-18542
_bR.124592
999 _c11348
_d11348